| 000 | 00430 a2200157 4500 | ||
|---|---|---|---|
| 245 | _aFlore et médecine traditionnelle : mission d'étude 1978 au Rwanda : observations floristiques : rapport présenté à l'ACCT | ||
| 100 | _aRaynal, J. | ||
| 700 | _aTroupin, G. | ||
| 700 | _aSita, P. | ||
| 260 | _c1979 | ||
| 300 | _a336 p. | ||
| 035 | _a5029 | ||
| 999 |
_c17522 _d17522 |
||